Normal view
MARC view
Entry Personal Name
001 - CONTROL NUMBER
- control field: 1238065
003 - CONTROL NUMBER IDENTIFIER
- control field: OSt
005 - DATE AND TIME OF LATEST TRANSACTION
- control field: 20260430150632.0
008 - FIXED-LENGTH DATA ELEMENTS
- fixed length control field: 260430|| aca||aabn | a|a d
040 ## - CATALOGING SOURCE
- Original cataloging agency: OSt
- Transcribing agency: OSt
100 ## - HEADING--PERSONAL NAME
- Personal name: Dotania Krittika Au.; Chakrabarti Rina Gu.; Rai Umesh Gu
670 ## - SOURCE DATA FOUND
- Source citation: Work cat.: (OSt)1850267: Dotania Krittika Au.; Chakrabarti Rina Gu.; Rai Umesh Gu., Nucleobindin2/Nesfatin-1 in Wall Lizard, Hemidactylus Flaviviridis: Sequence Characterization, Differential Expression, Hormonal Regulation and Pleiotropic Functions, 2023
